Reports of the cumbernauld, east kilbride, glenrothes, irvine and livingston development corporations (Record no. 416081)

000 -LEADER
fixed length control field 00375cam a22001097a 4500
008 - FIXED-LENGTH DATA ELEMENTS--GENERAL INFORMATION
fixed length control field 180718b1969 xxu||||| |||| 00| 0 eng d
082 ## - DEWEY DECIMAL CLASSIFICATION NUMBER
Classification number J706x41 C91
245 ## - TITLE STATEMENT
Title Reports of the cumbernauld, east kilbride, glenrothes, irvine and livingston development corporations
Statement of responsibility, etc. by Her Majesty's
260 ## - PUBLICATION, DISTRIBUTION, ETC.
Place of publication, distribution, etc. Edinburgh
Name of publisher, distributor, etc. Her Majesty's
Date of publication, distribution, etc. 1969
300 ## - PHYSICAL DESCRIPTION
Extent 204p
700 ## - ADDED ENTRY--PERSONAL NAME
Personal name U.K.Her Majesty's
Holdings
Withdrawn status Lost status Damaged status Not for loan Permanent Location Current Location Date acquired Full call number Barcode Date last seen Price effective from Koha item type
        Indian Institute of Public Administration Indian Institute of Public Administration 2009-03-12 J706x41 C91 DA1589 2018-07-21 2018-07-21 DA

Powered by Koha